2023-24 NHL PLAYERS WHO HAD 100 POINTS - SUDDEN DEATH - Statistics

General Stats
  • This quiz has been taken 300 times
  • The average score is 5 of 9
Answers on the Grid
Answers color-coded by a green-red scale on the quiz's grid according to % correct below.
William Nylander
Nathan MacKinnon
Kirill Kaprizov
Zach Hyman
Connor McDavid
Nikita Kucherov
Auston Matthews
Brayden Point
Mikko Rantanen
Sam Reinhart
J.T. Miller
Sidney Crosby
Leon Draisaitl
Mitch Marner
Artemi Panarin
David Pastrnak
 
Answer Stats
Answer % Correct
140 Nathan MacKinnon
91%
132 Connor McDavid
71%
144 Nikita Kucherov
64%
106 Leon Draisaitl
56%
107 Auston Matthews
42%
110 David Pastrnak
41%
104 Mikko Rantanen
39%
120 Artemi Panarin
37%
103 J.T. Miller
29%
No matching quizzes found
Score Distribution
Percent of People with Each Score
Percentile by Number Answered
Your Score History
You have not taken this quiz